Welcome to the Holygrace Academy Library

Please use search bar below to get started

AADHUNIC NIBHANDHAVALI (Record no. 4440)

MARC details
000 -LEADER
fixed length control field 00251nam a22001217a 4500
082 ## - DEWEY DECIMAL CLASSIFICATION NUMBER
Classification number 494
Item number ROH/N
100 ## - MAIN ENTRY--AUTHOR NAME
Personal name ROHAN
245 ## - TITLE STATEMENT
Title AADHUNIC NIBHANDHAVALI
260 ## - PUBLICATION, DISTRIBUTION, ETC. (IMPRINT)
Place of publication DELHI
Name of publisher ROHAN BOOK COMPANY
300 ## - PHYSICAL DESCRIPTION
Number of Pages 160
650 ## - SUBJECT ADDED ENTRY--TOPICAL TERM
Topical Term ESSAY
Geographic subdivision DELHI
942 ## - ADDED ENTRY ELEMENTS (KOHA)
Koha item type Books
Holdings
Withdrawn status Lost status Collection code Home library Current library Shelving location Date acquired Source of acquisition Full call number Accession Number Koha item type
    Non-fiction Main Library Main Library   11/05/2015 PURCHASE 494 ROH/N 03932 Books